| 000 | 00875cam a2200241 4500 | ||
|---|---|---|---|
| 008 | 050606t19991999ag b 000 0 spa u | ||
| 020 | _a9505572743 | ||
| 035 | _a a446542 | ||
| 100 | 1 | _aHartog, Francois | |
| 245 | 1 | 0 |
_aMemoria de Ulises : _brelatos sobre la frontera en la antigua Grecia / _cFrancois Hartog ; tr. Horacio Pons. |
| 250 | _a1a ed. | ||
| 260 |
_aBuenos Aires, Argentina : _bFondo de Cultura Económica, _c1999 |
||
| 300 |
_a295 p. ; _c20 cm. |
||
| 440 | 0 | _aSección de Obras de Historia | |
| 500 | _aTraducción de: Mémoire d'Ulisse. Récits sur la fronti{grave}ere en Gr{grave}ece ancienne. | ||
| 504 | _aIncluye bibliografías e índices | ||
| 506 | _aRec. prop. esc. | ||
| 650 | 4 |
_aGeografía antigua _xHistoriografía |
|
| 650 | 4 |
_aViajes _xHistoriografía |
|
| 700 | 1 | _aPons, Hioracio, tr. | |
| 942 |
_2lcc _cLIB |
||
| 999 |
_c96022 _d96022 |
||